Knižnica revue pre knihovníctvo, bibliografiu, knižnú kultúru, informačné systémy a technológie, ochranu dokumentov, biografistiku, archív a múzeum knihy, knižnej grafiky a literárnych pamiatok

Salvato in:
Dettagli Bibliografici
Natura: Periodico
Lingua:slovacco
Pubblicazione: Martin Slovenská národná knižnica Martin
Soggetti:
Tags: Aggiungi Tag
Nessun Tag, puoi essere il primo ad aggiungerne!!

MARC

LEADER 00000nas1a2200000 4500
001 s122910
005 20250623140627.4
022 |a 1335-7026 
022 |a 1336-0965 
041 0 |a slo 
044 |a SK 
245 1 0 |a Knižnica  |b revue pre knihovníctvo, bibliografiu, knižnú kultúru, informačné systémy a technológie, ochranu dokumentov, biografistiku, archív a múzeum knihy, knižnej grafiky a literárnych pamiatok 
264 1 |a Martin  |b Slovenská národná knižnica Martin 
610 2 0 |a knihovníctvo 
610 2 0 |a knižnice 
610 2 0 |a systémy informačné